Theory and problems of differential and integral calculus (Registro nro. 8819)

Detalles MARC
000 -ENCABEZADO
Número de control [NR] 00693nam a2200205Ia 4500
008 - DE LONGITUD FIJA DE DATOS DE ELEMENTOS - INFORMACIÓN GENERAL
Elementos de longitud fija [NR] 130821s1950 xxu gr eng
040 ## - FUENTE DE CATALOGACION [NR]
Agencia de catalogación original [NR] Co-BoUCM
Idioma de catalogación [NR] spa
041 ## - CODIGO DE IDIOMA [R]
Código de idioma para texto/pista de sonido o título separado [R] Inglés
100 ## - ASIENTO PRINCIPAL--NOMBRE PERSONAL [NR]
Nombre personal [NR] Ayres, Frank
Fechas asociadas con el nombre [NR] 1901-1994
ID Autoridad 86648
245 ## - MENCION DE TITULO [NR]
Título [NR] Theory and problems of differential and integral calculus
Mención de responsabilidad, etc. [NR] Frank Ayres
260 ## - PUBLICACION, DISTRIBUCION, ETC. (PIE DE IMPRENTA) [R]
Lugar de publicación, distribución, etc. [R] Nueva York (Estados Unidos)
Nombre del editor, distribuidor, etc. [R] Schaum Publishing
Fecha de publicación, distribución, etc. [R] 1950
300 ## - DESCRIPCION FISICA [R]
Extensión [R] 232 páginas
500 ## - NOTA GENERAL [R]
Nota general [NR] Donación Dr. Álvaro Daza Roa.
650 04 - ASIENTO SECUNDARIO DE MATERIA - TERMINO TEMATICO [R]
Término temático o nombre geográfico como elemento de entrada [NR] Cálculo diferencial
9 (RLIN) 10292
650 04 - ASIENTO SECUNDARIO DE MATERIA - TERMINO TEMATICO [R]
Término temático o nombre geográfico como elemento de entrada [NR] Cálculo integral
9 (RLIN) 10294
650 04 - ASIENTO SECUNDARIO DE MATERIA - TERMINO TEMATICO [R]
Término temático o nombre geográfico como elemento de entrada [NR] Matemáticas
9 (RLIN) 19031
650 04 - ASIENTO SECUNDARIO DE MATERIA - TERMINO TEMATICO [R]
Término temático o nombre geográfico como elemento de entrada [NR] Trigonometría
9 (RLIN) 25893
942 ## - ELEMENTOS DE ENTRADA AGREGADOS (KOHA)
Tipo de ítem principal el descrito en 300a Libro
Tema principal Economía
Edición 1
Parte restante de la signatura top. A985t
Sistema de clasificación DEWEY
Clasificación 515.33
Existencias
Fecha de último préstamo Signatura topográfica Código de barras Última vez visto Ejemplar Price effective from Tipo de ítem Perdido Sistema de clasificación Dañado No prestable Tipo de ítem específico Suprimido Ubicación habitual Ubicación actual Localización Fecha de creación Forma de adquisición Costo
01/04/2011 FAD 515.33 A985t 100111671 10/05/2018 Ej.2 03/02/2013 Libro   DEWEY     Fondos especiales     Archivo Histórico Archivo histórico 28/02/2011 Donación 26000.00